000 01057cam a22002175a 4500
001 E143698
008 080528s2007 xxk f 000 0 eng d
035 _a(Sirsi) u143698
041 0 _aeng
050 0 4 _a333.3307 $2 18
110 2 _aRoyal Institution of Chartered Surveyors
_94900
245 0 0 _aAssessment of technical competence
_bcandidate's guide
260 _aLondon
_bRICS
_c2007
300 _a32p.
_c30cm.
505 2 _aBecoming a technical member -- Information for direct access candidates -- Information for structured training candidates -- Professional/technical development -- Case studies -- Online ethics exercise -- Final assessment -- Where to find help -- Sample templates
520 _aProvides guidance for candidates for the Assessment of Technical Competence (ATC) on each element of the ATC. Aimed at both direct access and structured training candidates.
650 2 4 _aATC
651 4 _aUnited Kingdom
_y
690 _aCAREERS, EDUCATION AND TRAINING-QUALIFICATION ROUTES-ASSESSMENT OF PROFESSIONAL COMPETENCE
942 _n0
999 _c108247
_d108247